Gemstones - Statistics

General Stats
  • This quiz has been taken 63 times
  • The average score is 7 of 8
Answer Stats
Picture Answer % Correct
emerald
100%
ruby/bloodstone
98%
diamond
96%
pearl
96%
sapphire
96%
amethyst
91%
amber
82%
peridot
55%
No matching quizzes found
Score Distribution
Percent of People with Each Score
Percentile by Number Answered
Your Score History
You have not taken this quiz